[Event "Glorney Cup"]
[Site "Dublin"]
[Date "2019.07.23"]
[Round "3"]
[White "Scallan, Fiachra"]
[Black "Rachid, Alexandre"]
[Result "1/2-1/2"]
[WhiteElo "1873"]
[BlackElo "2007"]
[PlyCount "100"]
[EventDate "2019.07.22"]
[EventType "team-tourn"]
[EventRounds "5"]
[EventCountry "IRL"]
[SourceTitle "CBM 191 Extra"]
[Source "ChessBase"]
[SourceDate "2019.09.30"]
[SourceVersion "1"]
[SourceVersionDate "2019.09.30"]
[SourceQuality "1"]
[WhiteTeam "Ireland"]
[BlackTeam "France"]
[WhiteTeamCountry "IRL"]
[BlackTeamCountry "FRA"]

1. c4 c5 2. Nc3 Nc6 3. g3 g6 4. Bg2 Bg7 5. Nf3 d6 6. e3 e5 7. 0-0 Nge7 8. Rb1 0-0 9. a3 h6 10. b4 Be6 11. d3 f5 12. Qc2 b6 13. b5 Na5 14. Nd2 Rc8 15. Bb2 Qe8 16. f4 Qf7 17. Ne2 e4 18. Bxg7 exd3 19. Qxd3 Kxg7 20. Rbc1 Rcd8 21. Rfd1 d5 22. Qc3+ Qf6 23. cxd5 Nxd5 24. Qxf6+ Kxf6 25. Kf2 Nc7 26. Nc3 Nb3 27. Rc2 Rd7 28. Bc6 Rxd2+ 29. Rcxd2 Nxd2 30. Rxd2 Ke7 31. e4 fxe4 32. Ke3 Bf5 33. Nxe4 Rd8 34. Rxd8 Kxd8 35. Nf6 h5 36. Nd5 Bd7 37. Nc3 Bxc6 38. bxc6 Ke7 39. Ne4 Ne6 40. Nc3 Kd6 41. Nb5+ Kxc6 42. Nxa7+ Kd7 43. Ke4 Nd4 44. h3 Nf5 45. g4 hxg4 46. hxg4 Nh6 47. g5 Nf7 48. Kd5 Nd6 49. Nc6 Nf7 50. a4 c4 1/2-1/2

[Event "Robinson Cup U14"]
[Site "Cardiff"]
[Date "2017.07.25"]
[Round "4.1"]
[White "Murphy, Adam"]
[Black "Rachid, Alexandre"]
[Result "1-0"]
[WhiteElo "1526"]
[BlackElo "2044"]
[PlyCount "49"]
[EventDate "2017.07.24"]
[EventType "team-tourn"]
[EventRounds "5"]
[EventCountry "WLS"]
[SourceTitle "EXT 2023"]
[Source "ChessBase"]
[SourceDate "2022.10.05"]
[SourceVersion "1"]
[SourceVersionDate "2022.10.05"]
[SourceQuality "1"]
[WhiteTeam "Ireland U14 II"]
[BlackTeam "France U14"]
[WhiteTeamCountry "IRL"]
[BlackTeamCountry "FRA"]

1. d4 Nf6 2. Nf3 e6 3. e3 b6 4. Bd3 Bb7 5. 0-0 d5 6. b3 Bd6 7. c4 Ne4 8. Bb2 Nd7 9. Nc3 f5 10. Bc2 0-0 11. Nxe4 fxe4 12. Ne5 Bxe5 13. dxe5 Qh4 14. f4 exf3 15. Rxf3 dxc4 16. Rg3 Rad8 17. Qe2 h6 18. bxc4 Nc5 19. Rg4 Qe7 20. Rf4 Rd7 21. Raf1 Rfd8 22. Bd4 Bc6 23. Qg4 Qg5 24. Bxc5 Qxg4 25. Rf8+ 1-0

[Event "Murmansk Basamro U16 4th"]
[Site "Murmansk"]
[Date "2016.10.09"]
[Round "5.3"]
[White "Paays, Dominggus"]
[Black "Rachid, Alexandre"]
[Result "0-1"]
[WhiteElo "1566"]
[BlackElo "1797"]
[PlyCount "72"]
[EventDate "2016.10.06"]
[EventType "team-tourn"]
[EventRounds "5"]
[EventCountry "RUS"]
[SourceTitle "EXT 2017"]
[Source "ChessBase"]
[SourceDate "2016.10.25"]
[SourceVersion "1"]
[SourceVersionDate "2016.10.25"]
[SourceQuality "1"]
[WhiteTeam "Rotterdam"]
[BlackTeam "Paris"]
[WhiteTeamCountry "NED"]
[BlackTeamCountry "FRA"]

1. e4 c5 2. Nc3 e6 3. f4 Nc6 4. Bb5 Nge7 5. Nf3 a6 6. Bxc6 Nxc6 7. 0-0 Be7 8. d3 0-0 9. Qe2 d5 10. h3 b5 11. a4 b4 12. Nd1 f5 13. e5 Bb7 14. Nf2 Rc8 15. Be3 d4 16. Bd2 Qd5 17. b3 h6 18. Kh2 Kf7 19. Rg1 g6 20. g4 Rg8 21. Rg3 Rcf8 22. Rag1 Nd8 23. Ne1 Bh4 24. R3g2 Qc6 25. Bc1 Rg7 26. Bd2 Rh8 27. Nh1 Bxe1 28. Bxe1 Qf3 29. Bg3 fxg4 30. hxg4 h5 31. g5 h4 32. Be1 Qxf4+ 33. Kh3 Bxg2+ 34. Rxg2 Qf5+ 35. Rg4 Nc6 36. Qe4 Nxe5 0-1

[Event "Murmansk Basamro U16 4th"]
[Site "Murmansk"]
[Date "2016.10.06"]
[Round "1.1"]
[White "Rachid, Alexandre"]
[Black "Ahluwalia, Amardip"]
[Result "0-1"]
[WhiteElo "1797"]
[BlackElo "1962"]
[PlyCount "144"]
[EventDate "2016.10.06"]
[EventType "team-tourn"]
[EventRounds "5"]
[EventCountry "RUS"]
[SourceTitle "EXT 2017"]
[Source "ChessBase"]
[SourceDate "2016.10.25"]
[SourceVersion "1"]
[SourceVersionDate "2016.10.25"]
[SourceQuality "1"]
[WhiteTeam "Paris"]
[BlackTeam "Sussex"]
[WhiteTeamCountry "FRA"]
[BlackTeamCountry "ENG"]

1. e4 e5 2. Nf3 Nc6 3. Bc4 Bc5 4. c3 Nf6 5. d3 a6 6. 0-0 d6 7. Bb3 Ba7 8. Re1 h6 9. Nbd2 0-0 10. Nf1 Ne7 11. Ng3 Ng6 12. Be3 Be6 13. d4 Ng4 14. h3 Nxe3 15. fxe3 Nh4 16. d5 Bd7 17. Bc2 g6 18. Kh2 Nxf3+ 19. Qxf3 Qg5 20. Re2 h5 21. Nh1 Rae8 22. Qg3 Qxg3+ 23. Nxg3 h4 24. Nf1 Bb5 25. Rf2 Bxf1 26. Raxf1 Bxe3 27. Rf3 Bf4+ 28. Kg1 Kg7 29. Kf2 Re7 30. Ke2 Rd8 31. Kd3 c6 32. Bb3 f5 33. Re1 Kf6 34. Ref1 g5 35. Re1 g4 36. Rff1 gxh3 37. gxh3 Rg7 38. exf5 Rg3+ 39. Ke4 Rxh3 40. Rh1 Rxh1 41. Rxh1 Rh8 42. Rh3 c5 43. Bd1 Bg3 44. Bc2 Rg8 45. Kf3 b5 46. Be4 c4 47. Rh1 a5 48. a3 Rb8 49. Rc1 Kg5 50. Rc2 Kf6 51. Rc1 a4 52. Rg1 Rg8 53. Rh1 Rg5 54. Bc2 Rg7 55. Be4 Kg5 56. Rf1 Bf4 57. Rh1 Kh5 58. Kf2 Bg3+ 59. Kf3 Rg4 60. Ke3 Rf4 61. Rd1 Kg5 62. Rg1 Kf6 63. Rh1 Bf2+ 64. Ke2 Rxe4+ 65. Kxf2 Kxf5 66. Kf3 Rf4+ 67. Ke3 Rg4 68. Rf1+ Kg6 69. Rf8 Kg7 70. Rf5 Rg2 71. Rh5 Rxb2 72. Rxh4 Rc2 0-1

[Event "Rotterdam Basamro blitz op "]
[Site "Rotterdam"]
[Date "2015.10.24"]
[Round "4"]
[White "Kovalenko, Dmitrii"]
[Black "Rachid, Alexandre"]
[Result "0-1"]
[WhiteElo "1615"]
[BlackElo "1948"]
[PlyCount "84"]
[EventDate "2015.10.24"]
[EventType "swiss (blitz)"]
[EventRounds "8"]
[EventCountry "NED"]
[SourceTitle "EXT 2018"]
[Source "ChessBase"]
[SourceDate "2017.10.13"]
[SourceVersion "1"]
[SourceVersionDate "2017.10.13"]
[SourceQuality "1"]

1. e4 c5 2. c3 d5 3. exd5 Qxd5 4. d4 Nf6 5. Nf3 Nc6 6. Be2 Bf5 7. c4 Qd6 8. d5 Ne5 9. 0-0 0-0-0 10. Nc3 Nfg4 11. Nxe5 Nxe5 12. Qa4 a6 13. a3 e6 14. b4 cxb4 15. axb4 Qxb4 16. Nd1 Qxa4 17. Rxa4 exd5 18. cxd5 Bc2 19. Rd4 Bc5 20. Rd2 Bb3 21. Ne3 Bxe3 22. fxe3 Bxd5 23. Bb2 Rhe8 24. Bd4 f6 25. Rc1+ Nc6 26. Bb6 Rd7 27. Bg4 Be6 28. Bxe6 Rxe6 29. Re2 Kb8 30. Kf2 Rde7 31. Bc5 Re8 32. Ba3 b5 33. Bc5 Kb7 34. Ba3 b4 35. Rb1 a5 36. Bc1 Kb6 37. Rc2 Re5 38. Bd2 Rc5 39. Rxc5 Kxc5 40. Rc1+ Kb5 41. Ke2 Nd4+ 42. Kd3 Nb3 0-1